[Event "European Blitz 2017"]
[Site "Katowice POL"]
[Date "2017.12.15"]
[Round "5.11"]
[White "Georgiev, Kiril"]
[Black "Sakalauskas, Vaidas"]
[Result "1-0"]
[WhiteTitle "GM"]
[BlackTitle "IM"]
[WhiteElo "2623"]
[BlackElo "2351"]
[WhiteFideId "2900017"]
[BlackFideId "12800457"]
[EventDate "2017.12.15"]
[EventType "blitz"]

1. d4 Nf6 2. Nf3 g6 3. c3 Bg7 4. Bg5 O-O 5. Nbd2 d5 6. e3 Nbd7 7. b4 Re8 8. Be2
e5 9. O-O c6 10. a4 e4 11. Ne1 Nf8 12. c4 Ne6 13. Bh4 h5 14. h3 g5 15. Bg3 h4
16. Be5 Nf8 17. c5 Ng6 18. Bh2 Be6 19. b5 Qd7 20. Kh1 Nh7 21. Rb1 f5 22. Bh5 Bf7
23. bxc6 bxc6 24. Qb3 Nf6 25. Be2 f4 26. Rg1 g4 27. Bxg4 Nxg4 28. hxg4 Qxg4 29.
Qd1 Qf5 30. Nc2 Rab8 31. Nb4 fxe3 32. Bxb8 exf2 33. Rf1 h3 34. g4 Qe6 35. Bg3 e3
36. Qf3 Bxd4 37. Nb3 Bc3 38. Nd3 d4 39. Kh2 Qd7 40. Qf5 Re6 41. Nbc1 Ne7 42. Qf3
Rg6 43. Ne5 Bd5 44. Qf4 Qe6 45. Rb8+ Kh7 46. Ne2 Rf6 47. Qg5 d3 48. Nxd3 Qe4 49.
Ndf4 Be5 50. Re8 Bxf4 51. Nxf4 e2 52. Rxe7+ Qxe7 53. Nxe2 Qe4 54. Qh4+ Rh6 55.
Qxh6+ Kxh6 56. Nf4 Qg2+ 57. Nxg2 hxg2 58. Rxf2 Kg5 59. Bd6 Kxg4 60. Rf8 1-0

[Event "European Blitz 2017"]
[Site "Katowice POL"]
[Date "2017.12.15"]
[Round "5.12"]
[White "Mayans, Calvo, Mariano"]
[Black "Fridman, Daniel"]
[Result "0-1"]
[BlackTitle "GM"]
[WhiteElo "2233"]
[BlackElo "2633"]
[WhiteFideId "2251426"]
[BlackFideId "11600454"]
[EventDate "2017.12.15"]
[EventType "blitz"]

1. Nf3 d5 2. c4 d4 3. b4 g6 4. Bb2 Bg7 5. e3 e5 6. exd4 exd4 7. d3 Ne7 8. g3 a5
9. a3 axb4 10. axb4 Rxa1 11. Bxa1 Na6 12. Qb3 Nf5 13. Nbd2 Qe7+ 14. Kd1 Qxb4 15.
g4 Ne7 16. Bxd4 Bxd4 17. Nxd4 Bxg4+ 18. f3 Bd7 19. Qxb4 Nxb4 20. Ne4 Nf5 21.
Nf6+ Ke7 22. Nxd7 Nxd4 23. Nc5 b6 24. Ne4 f5 25. Nd2 Ra8 26. Ke1 Ra1+ 27. Kf2
Ra2 28. Ke3 c5 29. Nb1 Ne6 30. f4 Nc2+ 31. Kf3 Ncd4+ 32. Kg3 Rc2 33. h4 Ng7 0-1

[Event "European Blitz 2017"]
[Site "Katowice POL"]
[Date "2017.12.15"]
[Round "5.13"]
[White "Pavlidis, Antonios"]
[Black "Berg, Klaus"]
[Result "1-0"]
[WhiteTitle "GM"]
[BlackTitle "IM"]
[WhiteElo "2539"]
[BlackElo "2323"]
[WhiteFideId "4212312"]
[BlackFideId "1400053"]
[EventDate "2017.12.15"]
[EventType "blitz"]

1. e4 c6 2. d4 d5 3. Nd2 Qb6 4. c3 dxe4 5. Nxe4 Bf5 6. Ng3 Bg6 7. Nh3 Nd7 8. Nf4
e5 9. dxe5 Nxe5 10. Qe2 Qc7 11. Nxg6 1-0

[Event "European Blitz 2017"]
[Site "Katowice POL"]
[Date "2017.12.15"]
[Round "5.15"]
[White "Rodshtein, Maxim"]
[Black "Walach, Marcin"]
[Result "1-0"]
[WhiteTitle "GM"]
[BlackTitle "FM"]
[WhiteElo "2699"]
[BlackElo "2319"]
[WhiteFideId "2806851"]
[BlackFideId "1107682"]
[EventDate "2017.12.15"]
[EventType "blitz"]

1. d4 Nf6 2. c4 g6 3. Nc3 d5 4. e3 Bg7 5. Qb3 e6 6. Qa3 a5 7. Bd2 c6 8. Rc1 Na6
9. cxd5 exd5 10. Nf3 Bf5 11. Qb3 b5 12. Ne5 Qd6 13. Nxc6 O-O 14. Nxb5 Qd7 15.
Ne5 Qb7 16. Nd6 Qxb3 17. axb3 Rfb8 18. Nxf5 gxf5 19. Bxa5 Rxb3 20. Nd3 Ne4 21.
Be2 f4 22. Nxf4 Rxb2 23. Nxd5 1-0

[Event "European Blitz 2017"]
[Site "Katowice POL"]
[Date "2017.12.15"]
[Round "5.16"]
[White "Kashtanov, Ruslan"]
[Black "Ponkratov, Pavel"]
[Result "0-1"]
[WhiteTitle "IM"]
[BlackTitle "GM"]
[WhiteElo "2376"]
[BlackElo "2613"]
[WhiteFideId "4124871"]
[BlackFideId "4157800"]
[EventDate "2017.12.15"]
[EventType "blitz"]

1. Nf3 c5 2. e4 b6 3. d4 cxd4 4. Nxd4 Bb7 5. Nc3 a6 6. Be3 e6 7. Qd2 Qc7 8. a3
Nf6 9. Bd3 d6 10. O-O-O Nbd7 11. f3 Ne5 12. g4 b5 13. g5 Nfd7 14. f4 Nc4 15.
Bxc4 Qxc4 16. Kb1 b4 17. axb4 Qxb4 18. f5 Nc5 19. g6 hxg6 20. fxe6 fxe6 21. Qg2
Rb8 22. Qxg6+ Kd7 23. Bc1 Be7 24. Rhf1 Qxc3 25. Rf7 Rhe8 26. Qxg7 Bxe4 0-1

[Event "European Blitz 2017"]
[Site "Katowice POL"]
[Date "2017.12.15"]
[Round "5.17"]
[White "Michalik, Peter"]
[Black "Chernyak, Viktoria"]
[Result "1-0"]
[WhiteTitle "GM"]
[BlackTitle "WFM"]
[WhiteElo "2557"]
[BlackElo "2196"]
[WhiteFideId "14907526"]
[BlackFideId "24165956"]
[EventDate "2017.12.15"]
[EventType "blitz"]

1. d4 Nf6 2. c4 e6 3. Nf3 d5 4. Nc3 Be7 5. Bf4 c6 6. e3 O-O 7. Be2 dxc4 8. Bxc4
b5 9. Bd3 Bb7 10. Qc2 a6 11. Rd1 Qb6 12. O-O Nbd7 13. Ne5 g6 14. Ne4 c5 15. dxc5
Nxc5 16. Nxc5 Qxc5 17. Qxc5 Bxc5 18. Bg5 Ne4 19. Bxe4 Bxe4 20. Nd7 Rfc8 21. Nf6+ 1-0

[Event "European Blitz 2017"]
[Site "Katowice POL"]
[Date "2017.12.15"]
[Round "5.18"]
[White "Horton, Andrew P"]
[Black "Bartel, Mateusz"]
[Result "0-1"]
[WhiteTitle "FM"]
[BlackTitle "GM"]
[WhiteElo "2397"]
[BlackElo "2609"]
[WhiteFideId "424269"]
[BlackFideId "1112635"]
[EventDate "2017.12.15"]
[EventType "blitz"]

1. Nf3 f5 2. c4 Nf6 3. g3 g6 4. d4 Bg7 5. b4 O-O 6. Bb2 c6 7. a4 Ne4 8. Nbd2 d5
9. Bg2 Be6 10. Rc1 Nd7 11. O-O Rc8 12. e3 h6 13. cxd5 Bxd5 14. Nxe4 Bxe4 15.
Qb3+ Bd5 16. Qa3 Nb6 17. Nd2 Bxg2 18. Kxg2 Qd5+ 19. Kg1 Nd7 20. Qb3 e6 21. b5 g5
22. Qxd5 cxd5 23. Ba3 Rfe8 24. a5 f4 25. Bd6 fxe3 26. fxe3 Nf6 27. h3 Nd7 28.
Nb3 e5 29. dxe5 Nxe5 30. Rxc8 Rxc8 31. Rf5 Nc4 32. Bb4 Nxe3 33. Rf3 d4 34. Bc5
Nc2 35. Bxa7 Rc4 36. a6 bxa6 37. bxa6 Ra4 38. Nc5 Ra1+ 39. Rf1 Ra2 40. Bb6 Ne3
41. Rf2 Ra1+ 42. Kh2 Nd5 43. Bd8 Nb4 44. Rd2 Nxa6 45. Nb3 Ra4 46. Bb6 Rb4 47.
Bxd4 Rxb3 48. Bg1 Rb2 49. Rxb2 Bxb2 50. Kg2 Kf7 51. Kf3 Ba3 52. h4 Bc5 53. hxg5
Bxg1 54. gxh6 Kg6 55. Kg2 Bc5 56. Kf3 Kxh6 57. Kg4 Kg6 58. Kf3 Kf5 59. Kg2 Kg4
60. Kh2 Nb4 61. Kg2 Nd3 62. Kh2 Kf3 63. Kh3 Bf2 64. Kh2 Bxg3+ 65. Kh1 Nf2+ 66.
Kg1 Bf4 67. Kf1 Bh2 68. Ke1 Ne4 69. Kd1 Ke3 70. Kc2 Nd2 71. Kc3 Bd6 72. Kc2 Bb4
73. Kb2 Kd3 74. Kc1 Ne4 75. Kd1 Bc3 76. Kc1 Nf2 77. Kb1 Ng4 78. Kc1 Ne3 79. Kb1
Bd4 80. Kc1 Kc3 81. Kb1 Bc5 82. Kc1 Ba3+ 83. Kb1 Kb3 84. Ka1 Bd6 85. Kb1 Bb4 86.
Kc1 Be1 87. Kb1 Bd2 88. Ka1 Nc2+ 89. Kb1 Na3+ 0-1

[Event "European Blitz 2017"]
[Site "Katowice POL"]
[Date "2017.12.15"]
[Round "5.19"]
[White "Moranda, Wojciech"]
[Black "Lewtak, Damian"]
[Result "1-0"]
[WhiteTitle "GM"]
[WhiteElo "2593"]
[BlackElo "2358"]
[WhiteFideId "1122401"]
[BlackFideId "1141724"]
[EventDate "2017.12.15"]
[EventType "blitz"]

1. d4 Nf6 2. c4 Nc6 3. Nf3 d6 4. Nc3 e5 5. g3 g6 6. Bg2 Bg7 7. dxe5 Nxe5 8. Nxe5
dxe5 9. Qxd8+ Kxd8 10. Bg5 c6 11. Ne4 Ke7 12. O-O-O h6 13. Bxf6+ Bxf6 14. Rd2
Bg7 15. Rhd1 Rb8 16. Nc5 Bf5 17. Be4 Bc8 18. Bf3 h5 19. h4 Re8 20. Rd6 Bf5 21.
Be4 Bg4 22. f3 Bc8 23. Bc2 b6 24. Ne4 c5 25. Nc3 Be6 26. b3 Red8 27. Rxd8 Rxd8
28. Rxd8 Kxd8 29. e3 a6 30. Kd2 Kc7 31. Be4 Bh6 32. Bd5 Kd6 33. Bxe6 Kxe6 34.
Na4 f5 35. f4 Bg7 36. Nxb6 exf4 37. exf4 Bd4 38. Ke2 Bb2 39. Nd5 Bd4 40. Ne3 Bb2
41. Nf1 Bd4 42. Nh2 Bb2 43. Nf3 Bc3 44. Kd3 Bb2 45. Kc2 Bf6 46. a3 a5 47. Ne1
Kd6 48. Nd3 Bd4 49. Kd2 Bf6 50. b4 axb4 51. axb4 cxb4 52. Nxb4 Bd4 53. Nd3 1-0

[Event "European Blitz 2017"]
[Site "Katowice POL"]
[Date "2017.12.15"]
[Round "5.21"]
[White "Demidov, Mikhail"]
[Black "Bang, Andreas"]
[Result "1-0"]
[WhiteTitle "IM"]
[BlackTitle "FM"]
[WhiteElo "2523"]
[BlackElo "2287"]
[WhiteFideId "4197143"]
[BlackFideId "1400290"]
[EventDate "2017.12.15"]
[EventType "blitz"]

1. d4 d5 2. Nf3 Nf6 3. Bf4 c5 4. dxc5 e6 5. e3 Bxc5 6. Be2 O-O 7. O-O Nc6 8. c4
a6 9. Nc3 dxc4 10. Bxc4 b5 11. Bd3 Bb7 12. Rc1 Be7 13. Qe2 Nh5 14. Rfd1 Qb6 15.
Bg5 Bxg5 16. Nxg5 Nf6 17. Nce4 Nxe4 18. Bxe4 h6 19. Rd7 hxg5 20. Qh5 1-0

[Event "European Blitz 2017"]
[Site "Katowice POL"]
[Date "2017.12.15"]
[Round "5.22"]
[White "Janik, Igor"]
[Black "Hracek, Zbynek"]
[Result "0-1"]
[WhiteTitle "FM"]
[BlackTitle "GM"]
[WhiteElo "2413"]
[BlackElo "2592"]
[WhiteFideId "1159259"]
[BlackFideId "300071"]
[EventDate "2017.12.15"]
[EventType "blitz"]

1. e4 c5 2. Nf3 Nc6 3. Bb5 d6 4. O-O Bd7 5. c3 Nf6 6. Re1 a6 7. Bf1 Bg4 8. h3
Bxf3 9. Qxf3 e6 10. d3 Be7 11. g4 O-O 12. Bg2 Nd7 13. Nd2 Bg5 14. Qe2 e5 15. Nf1
Re8 16. Ne3 Nf8 17. Nd5 Bxc1 18. Raxc1 Ne7 19. Ne3 Ne6 20. Qf3 Ng6 21. Rcd1 b5
22. Bf1 b4 23. Nc4 Rb8 24. Rd2 Qe7 25. Be2 Ngf4 26. Qg3 h6 27. f3 Kh7 28. Bd1 h5
29. Ba4 h4 30. Qh2 Ng5 31. Re3 Red8 32. Bc6 Kg6 33. Kf1 Rh8 34. Bd5 bxc3 35.
bxc3 Ngxh3 36. Re1 Ng5 37. Kf2 Qf6 38. Qh1 h3 39. Ne3 h2 40. Nf5 Rh3 41. Ng3
Rxg3 42. Kxg3 Rh8 43. Kf2 Ngh3+ 44. Kf1 Ng5 45. Bb3 Rh3 46. Bd1 Nfe6 47. Rxh2
Nf4 48. Rxh3 Nfxh3 49. Qh2 Qd8 50. Bb3 Qa5 51. Qc2 Nxf3 52. Kg2 Nxe1+ 0-1

[Event "European Blitz 2017"]
[Site "Katowice POL"]
[Date "2017.12.15"]
[Round "5.23"]
[White "Alekseev, Evgeny"]
[Black "Tate, Alan"]
[Result "1-0"]
[WhiteTitle "GM"]
[BlackTitle "FM"]
[WhiteElo "2616"]
[BlackElo "2358"]
[WhiteFideId "4138147"]
[BlackFideId "2401878"]
[EventDate "2017.12.15"]
[EventType "blitz"]

1. Nf3 d5 2. e3 Nf6 3. c4 c6 4. Nc3 e6 5. b3 Bd6 6. Bb2 O-O 7. Qc2 e5 8. cxd5
cxd5 9. Nb5 Nc6 10. Nxd6 Qxd6 11. d4 e4 12. Ne5 Nb4 13. Qd2 Bf5 14. a3 Nc6 15.
Be2 Rac8 16. O-O Nd7 17. Nxd7 Qxd7 18. Rfc1 Rc7 19. a4 Rfc8 20. Ba3 h6 21. Bf1
Nd8 22. Rxc7 Rxc7 23. Rc1 Rxc1 24. Qxc1 Qc6 25. Qc5 Qxc5 26. Bxc5 a6 27. Be2 f6
28. b4 Kf7 29. f3 Ke6 30. Kf2 Kd7 31. Bd1 Ne6 32. a5 Kc8 33. Bb3 Nxc5 34. bxc5
exf3 35. gxf3 Be6 36. e4 Kd7 37. exd5 Bf5 38. Ke3 g5 39. Ba4+ Kd8 40. d6 Be6 41.
Ke4 1-0

[Event "European Blitz 2017"]
[Site "Katowice POL"]
[Date "2017.12.15"]
[Round "5.24"]
[White "Kahleys, Kevin"]
[Black "Zwardon, Vojtech"]
[Result "0-1"]
[BlackTitle "IM"]
[WhiteElo "2195"]
[BlackElo "2408"]
[WhiteFideId "24669601"]
[BlackFideId "325511"]
[EventDate "2017.12.15"]
[EventType "blitz"]

1. d4 Nf6 2. Nf3 e6 3. g3 b5 4. Bg2 Bb7 5. O-O c5 6. a4 b4 7. c4 cxd4 8. Nxd4
Bxg2 9. Kxg2 Be7 10. b3 O-O 11. Bb2 Qc7 12. f3 a6 13. e4 Rd8 14. Qe2 Nc6 15. Rd1
Nxd4 16. Bxd4 d5 17. exd5 exd5 18. Nd2 Re8 19. Qf2 Qb7 20. Rac1 Rad8 21. cxd5
Nxd5 22. Nc4 Qd7 23. Ne5 Qf5 24. Nc6 Bg5 25. Nxd8 Bxc1 26. Rxc1 Rxd8 27. Qc2 Qe6
28. Bf2 Nc3 29. Re1 Qd5 30. Qb2 h6 31. Qc2 h5 32. h4 Nd1 33. Re2 Nxf2 34. Rxf2
Qd3 35. Qb2 Qc3 36. Rc2 Qxb2 37. Rxb2 Rd3 38. Kf2 f5 39. Ke2 Rc3 40. Rb1 Kf7 41.
Rb2 Ke6 42. Rb1 f4 43. Kf2 Rc2+ 44. Kg1 fxg3 45. Re1+ Kf6 46. Re4 a5 47. Rd4 Rf2
48. Rd5 g6 49. Rxa5 Rxf3 50. Rb5 Rxb3 51. a5 Rb2 52. a6 Ra2 53. Rxb4 Rxa6 54.
Kg2 Ra3 55. Rf4+ Ke5 56. Rb4 Re3 57. Ra4 Re4 58. Ra6 Rg4 59. Ra5+ Kf6 60. Ra6+
Kg7 61. Ra7+ Kh6 62. Ra6 Rxh4 0-1

[Event "European Blitz 2017"]
[Site "Katowice POL"]
[Date "2017.12.15"]
[Round "5.25"]
[White "Dvirnyy, Danyyil"]
[Black "Reza, Wojciech"]
[Result "1-0"]
[WhiteTitle "GM"]
[WhiteElo "2532"]
[BlackElo "2283"]
[WhiteFideId "817570"]
[BlackFideId "1151967"]
[EventDate "2017.12.15"]
[EventType "blitz"]

1. c4 e5 2. g3 Nf6 3. Bg2 d5 4. cxd5 Nxd5 5. Nc3 Ne7 6. e3 Nbc6 7. Nge2 g6 8. d4
exd4 9. Nxd4 Nxd4 10. exd4 Bg7 11. d5 O-O 12. O-O Nf5 13. Qd3 Nd6 14. Bf4 Bf5
15. Qd1 Qd7 16. Qb3 Bh3 17. Bxd6 cxd6 18. Rfe1 Bf5 19. Rad1 Rfe8 20. h4 Rxe1+
21. Rxe1 Rc8 22. Bf3 h5 23. Kg2 Bxc3 24. bxc3 b6 25. Qb4 Qc7 26. Qd4 Qd8 27. Re3
Kh7 28. Be2 Rc5 29. c4 Rc7 30. Bd1 Qh8 31. Qf4 Qf6 32. Bc2 Kg7 33. Re8 Bxc2 34.
Rg8+ Kxg8 35. Qxf6 Rxc4 36. f3 Bf5 37. Qxd6 Rc2+ 38. Kf1 Rxa2 39. Qf4 Ra5 40.
Qd4 Kf8 41. g4 hxg4 42. fxg4 Bd7 43. h5 gxh5 44. gxh5 Ra4 45. Qf6 Re4 46. h6 Rg4
47. h7 Bb5+ 48. Kf2 1-0

[Event "European Blitz 2017"]
[Site "Katowice POL"]
[Date "2017.12.15"]
[Round "5.26"]
[White "Bosiocic, Marin"]
[Black "Goluch, Piotr"]
[Result "1-0"]
[WhiteTitle "GM"]
[BlackTitle "FM"]
[WhiteElo "2624"]
[BlackElo "2308"]
[WhiteFideId "14507927"]
[BlackFideId "1137840"]
[EventDate "2017.12.15"]
[EventType "blitz"]

1. d4 Nf6 2. Bg5 Ne4 3. Bf4 d5 4. e3 c5 5. Bd3 cxd4 6. exd4 Nd6 7. c3 Nc6 8. Nd2
g6 9. Ngf3 Bg7 10. O-O O-O 11. Re1 Bf5 12. Bf1 Ne4 13. Nxe4 Bxe4 14. Nd2 Bf5 15.
Qb3 Qd7 16. Nf3 Be4 17. Ng5 Bf5 18. Nf3 Be4 19. Nd2 Bf5 20. a4 a6 21. a5 Rac8
22. Qa3 Rfe8 23. Rad1 e5 24. dxe5 Nxe5 25. Nb3 Nc4 26. Rxe8+ Qxe8 27. Bxc4 dxc4
28. Nd4 Bd3 29. Be3 Bf8 30. Qa1 f5 31. Re1 Qf7 32. Qc1 Re8 33. Rd1 Bd6 34. Bf4
Bc5 35. Re1 Qd7 36. Be5 Qf7 37. Qf4 Qe7 38. Re3 Qf7 39. h4 Bf8 40. h5 Bg7 41.
Bxg7 Kxg7 42. h6+ Kg8 43. Rxe8+ Qxe8 44. Qc7 f4 45. Qg7# 1-0

[Event "European Blitz 2017"]
[Site "Katowice POL"]
[Date "2017.12.15"]
[Round "5.27"]
[White "Kusiak, Matej"]
[Black "Kovalev, Denis"]
[Result "0-1"]
[BlackTitle "IM"]
[WhiteElo "2280"]
[BlackElo "2504"]
[WhiteFideId "14911213"]
[BlackFideId "14104059"]
[EventDate "2017.12.15"]
[EventType "blitz"]

1. e4 c6 2. d4 d5 3. Nc3 dxe4 4. Nxe4 Bf5 5. Ng3 Bg6 6. h4 h6 7. Nf3 Nf6 8. Ne5
Bh7 9. Bc4 e6 10. c3 Nbd7 11. Qe2 Nxe5 12. dxe5 Nd5 13. Ne4 Be7 14. g3 O-O 15.
f4 Qb6 16. Bd3 Rad8 17. Bc2 Kh8 18. Qf2 Qxf2+ 19. Kxf2 f6 20. exf6 Nxf6 21. Re1
e5 22. Kg2 Nxe4 23. Bxe4 Bxe4+ 24. Rxe4 Rd1 25. Rxe5 Bf6 26. Re2 Rfd8 27. Rc2
Re1 28. a4 Rdd1 29. a5 a6 30. b3 h5 31. Kf2 Kh7 32. Re2 Rf1+ 33. Kg2 Rxc1 34.
Rxc1 Rxc1 35. c4 Rc3 0-1

[Event "European Blitz 2017"]
[Site "Katowice POL"]
[Date "2017.12.15"]
[Round "5.29"]
[White "Butkiewicz, Lukasz"]
[Black "Trent, Lawrence"]
[Result "0-1"]
[WhiteTitle "IM"]
[BlackTitle "IM"]
[WhiteElo "2453"]
[BlackElo "2436"]
[WhiteFideId "1122428"]
[BlackFideId "408638"]
[EventDate "2017.12.15"]
[EventType "blitz"]

1. d4 d5 2. c4 e5 3. e3 exd4 4. Qxd4 Nf6 5. Nc3 Nc6 6. Qd1 Bb4 7. Nf3 O-O 8. Bd2
d4 9. exd4 Nxd4 10. Nxd4 Qxd4 11. Be2 Rd8 12. Qc1 Bg4 13. Be3 Qe5 14. f3 Bf5 15.
Kf2 Re8 16. Rd1 c6 17. Bd4 Bc5 18. Bxc5 Qxc5+ 19. Kf1 Re3 20. Qd2 Rae8 21. Qd4
Qe7 22. Rd2 h5 23. Re1 a5 24. Qd6 h4 25. Qxe7 R8xe7 26. Kf2 R3e5 27. Rdd1 g5 28.
Bf1 Kf8 29. Rxe5 Rxe5 30. Rd8+ Kg7 31. Bd3 Be6 32. b3 Nd7 33. Ne4 Nc5 34. Nxc5
Rxc5 35. Rb8 b5 36. cxb5 cxb5 37. Rxb5 Rc3 38. Be2 a4 39. bxa4 Kf6 40. a5 Ra3
41. g3 Rxa2 42. Rc5 Bf5 43. Ke3 Ra3+ 44. Kd4 Ra2 45. Bc4 Rxh2 46. gxh4 gxh4 47.
a6 Rd2+ 48. Kc3 Rd7 49. Bd5 h3 50. f4 h2 51. Bg2 Rd3+ 52. Kc4 Rd2 53. Bf3 Rf2
54. Bc6 Rxf4+ 55. Kb5 Bd3+ 56. Kb6 Rb4+ 57. Kc7 Bxa6 58. Rh5 Rb2 59. Kd6 Rd2+
60. Kc5 Bc8 61. Bd5 Bg4 62. Rh7 Bf5 63. Rh6+ Kg5 64. Rh8 Kf4 65. Bxf7 Be4 66.
Rh4+ Ke5 67. Rh5+ Kf6 0-1

[Event "European Blitz 2017"]
[Site "Katowice POL"]
[Date "2017.12.15"]
[Round "5.31"]
[White "Moskalenko, Alexander"]
[Black "Sahidi, Samir"]
[Result "1-0"]
[WhiteTitle "IM"]
[BlackTitle "FM"]
[WhiteElo "2522"]
[BlackElo "2247"]
[WhiteFideId "4155351"]
[BlackFideId "14936372"]
[EventDate "2017.12.15"]
[EventType "blitz"]

1. d4 Nf6 2. Nf3 d5 3. Bf4 e6 4. e3 Bd6 5. Bg3 Bxg3 6. hxg3 h6 7. c4 O-O 8. Nc3
b6 9. Qc2 Bb7 10. Rd1 Nbd7 11. a3 Qe7 12. cxd5 exd5 13. Bd3 c5 14. Bf5 cxd4 15.
Rxd4 Rfe8 16. O-O Nc5 17. Rdd1 Nce4 18. Nd4 Rad8 19. Rfe1 Nd6 20. Bd3 Nfe4 21.
Rc1 Rc8 22. Qb3 Nc5 23. Qd1 Nxd3 24. Qxd3 Nc4 25. Qb1 Qf6 26. Red1 a6 27. a4 Nd6
28. Nde2 Ne4 29. Nxe4 dxe4 30. Nc3 Rc5 31. Rd4 Rce5 32. Rcd1 Bc6 33. Rd6 R5e6
34. Rxe6 Qxe6 35. Qa1 Qe7 36. Rd4 Rd8 37. Qd1 Rxd4 38. Qxd4 b5 39. axb5 axb5 40.
b4 Kh7 41. Ne2 Qe6 42. Nc3 Qb3 43. Kh2 Qe6 44. Qc5 Qd7 45. Ne2 Bd5 46. Nd4 Bc4
47. Qe5 Qb7 48. Nf5 f6 49. Qf4 Qd5 50. g4 Qe5 51. Qxe5 fxe5 52. Nd6 Bd3 53. Kg3
Kg6 54. Nb7 Kf6 55. Na5 Ke6 56. f4 exf3 57. gxf3 g5 58. f4 exf4+ 59. exf4 gxf4+
60. Kxf4 Kf6 61. Nb3 Bc4 62. Nd4 Bd3 63. Nf3 Bc4 64. Ne5 Be6 65. Nc6 Bc4 66. Nb8
Kg6 67. Nd7 Bf1 68. Nb6 Kf6 69. Nd5+ Kg6 70. Kg3 Bc4 71. Ne3 Bd3 72. Kf4 Be2 73.
Nf5 Bc4 74. Nh4+ Kf6 75. Nf3 Be2 76. Nd4 Bc4 77. Nf5 Kg6 78. Ne3 Bd3 79. Ng2 Kf6
80. Ke3 Bc4 81. Kf4 Kg6 82. Nh4+ Kf6 83. Nf3 Be2 84. Ne5 Bf1 85. Ke4 Kg5 86.
Nf7+ Kg6 87. Nd6 Kg5 88. Kf3 Bd3 89. Nf7+ Kh4 90. Nxh6 Bc2 91. Kf4 Bb1 92. Nf5+
Kh3 93. g5 Ba2 94. g6 Be6 95. g7 Kg2 96. Ke5 Bg8 97. Nh6 Bh7 98. Kd6 Kf3 99. Kc5
Ke4 100. g8=Q 1-0

[Event "European Blitz 2017"]
[Site "Katowice POL"]
[Date "2017.12.15"]
[Round "5.32"]
[White "Budrewicz, Krzysztof"]
[Black "Kovalev, Vladislav"]
[Result "0-1"]
[BlackTitle "GM"]
[WhiteElo "2204"]
[BlackElo "2639"]
[WhiteFideId "1127950"]
[BlackFideId "13504398"]
[EventDate "2017.12.15"]
[EventType "blitz"]

1. d4 Nf6 2. c4 g6 3. Nc3 Bg7 4. e4 d6 5. Nf3 O-O 6. h3 e5 7. d5 Na6 8. Bg5 Qe8
9. Qc2 Nc5 10. b4 Ncxe4 11. Nxe4 Nxe4 12. Qxe4 f5 13. Qc2 e4 14. O-O-O exf3 15.
gxf3 Qe5 16. Bd3 a5 17. b5 f4 18. h4 Bf5 19. Bxf5 Rxf5 20. Rhe1 Qa1+ 21. Kd2
Qd4+ 22. Kc1 Qc5 23. Re4 Be5 24. Rg1 Kf7 25. h5 Qa3+ 26. Kb1 Qxf3 27. h6 Rxg5 0-1

[Event "European Blitz 2017"]
[Site "Katowice POL"]
[Date "2017.12.15"]
[Round "5.33"]
[White "Tari, Aryan"]
[Black "Lavendelis, Egons"]
[Result "1-0"]
[WhiteTitle "GM"]
[BlackTitle "FM"]
[WhiteElo "2593"]
[BlackElo "2278"]
[WhiteFideId "1510045"]
[BlackFideId "11601647"]
[EventDate "2017.12.15"]
[EventType "blitz"]

1. c4 Nf6 2. Nc3 d5 3. cxd5 Nxd5 4. g3 c5 5. Bg2 Nxc3 6. bxc3 e5 7. Nf3 Qc7 8.
O-O Nc6 9. d4 Bd6 10. d5 Ne7 11. Ng5 O-O 12. c4 f5 13. Bb2 Rb8 14. Qc2 h6 15.
Ne6 Bxe6 16. dxe6 a6 17. a4 b5 18. axb5 axb5 19. cxb5 Rxb5 20. Rfd1 Kh8 21. Ra6
Rb6 22. Rxb6 Qxb6 23. Qd2 Nc8 24. Bc3 Re8 25. Qd5 Qc7 26. Bh3 Rf8 27. e4 fxe4
28. Qxe4 Qe7 29. Bxe5 Bxe5 30. Qxe5 Nb6 31. Qd6 Qxd6 32. Rxd6 Nc8 33. Rc6 Ne7
34. Rxc5 Kh7 35. Rc7 Nd5 36. Rd7 Nf6 37. Rf7 Re8 38. Bf5+ Kg8 39. h4 Nd5 40. h5
Ne7 41. g4 Kh8 42. f4 Kg8 43. Kg2 Nd5 44. Kf3 Rb8 45. Rd7 Nf6 46. Rd3 Re8 47.
Bg6 Rb8 48. e7 1-0

[Event "European Blitz 2017"]
[Site "Katowice POL"]
[Date "2017.12.15"]
[Round "5.34"]
[White "Manik, Mikulas"]
[Black "Lach, Aleksandra"]
[Result "1-0"]
[WhiteTitle "GM"]
[BlackTitle "WIM"]
[WhiteElo "2415"]
[BlackElo "2209"]
[WhiteFideId "14900734"]
[BlackFideId "1134299"]
[EventDate "2017.12.15"]
[EventType "blitz"]

1. e4 c5 2. Nf3 d6 3. d4 cxd4 4. Nxd4 Nf6 5. Nc3 a6 6. h3 e5 7. Nde2 h5 8. g3
Be7 9. Bg2 Be6 10. O-O Qd7 11. Kh2 Nc6 12. Nd5 Bxd5 13. exd5 Nb8 14. f4 O-O 15.
Nc3 exf4 16. Bxf4 Qd8 17. Ne4 Nxe4 18. Bxe4 f5 19. Bg2 g6 20. Qe2 Qd7 21. Rae1
Bf6 22. Qe6+ Qxe6 23. dxe6 Be7 24. Bxb7 Ra7 25. Bg2 Rc7 26. c3 Nc6 27. Rd1 Rd8
28. Rd2 Na5 29. Bd5 Nc4 30. Re2 Nb6 31. Bb3 Kg7 32. Rd1 Kf6 33. h4 Kg7 34. Red2
Rc6 35. Rd4 d5 36. Bxd5 Nxd5 37. Rxd5 Rxd5 38. Rxd5 Rxe6 39. Re5 Kf7 40. Rxe6
Kxe6 41. c4 Kd7 42. Kg2 Kc6 43. Be3 a5 44. Kf3 Bd6 45. Bd2 Be5 46. b3 Kb6 47.
Bf4 Bf6 48. Ke2 Kc5 49. Kd3 Bb2 50. Be3+ Kb4 51. Bd2+ Ka3 52. c5 Be5 53. Bf4 Bf6
54. c6 Bd8 55. c7 Bxc7 56. Bxc7 Kxa2 57. Kc2 1-0